| 000 | 00811nam a22002057a 4500 | ||
|---|---|---|---|
| 999 |
_c2482 _d2482 |
||
| 003 | AR-CdUCM | ||
| 008 | 190304b ||||| |||| 00| 0 spa d | ||
| 040 |
_aMUNICIPALIDAD PROVINCIAL DEL CUSCO _cBIBLIOTECA MUNICIPAL DEL CUSCO |
||
| 082 |
_a985.001 / _bD364 |
||
| 100 |
_aDelran C., Guido. _92975 |
||
| 245 | _aHistoria rural del Perú / | ||
| 260 |
_aCusco : _bCentro de Estudios Rurales Andino "Bartolomé de las Casas", _c 1981. |
||
| 300 |
_a138 p.aginas ; _b mapas, ilustraciones, _c21 cm. |
||
| 505 | _aLa sociedad andina desde sus orígenes hasta el Tawantinsuyu -- El Tawantinsuyu -- Conquista y coloniaje -- El Perú republicano : una frustración. | ||
| 650 |
_aHistoria del Cusco _91714 |
||
| 650 |
_aEl Tawantinsuyu _98853 |
||
| 650 |
_aLa colonia _98854 |
||
| 942 |
_2ddc _cLIBROS |
||
| 945 | _awnts | ||